| 000 | 00692nam a2200181Ia 4500 | ||
|---|---|---|---|
| 008 | 090630s9999 xx 000 0 und d | ||
| 082 | _b681 | ||
| 100 | _aकेळकर न. चि. | ||
| 245 |
_aलोकमान्य टिळकांचे पुण्यस्मरण. _cकेळकर न. चि. |
||
| 260 |
_b--- _c1927 |
||
| 300 | _a155 | ||
| 600 | _aकेळकर न. चि. | ||
| 630 | _aलोकमान्य टिळकांचे पुण्यस्मरण. | ||
| 655 | _aचरित्र. | ||
| 700 | _aकेळकर न. चि. | ||
| 730 | _aलोकमान्य टिळकांचे पुण्यस्मरण. | ||
| 942 | _cBOOK | ||
| 999 |
_c252537 _d252537 |
||